| 000 | 00604nam a2200205 a 4500 | ||
|---|---|---|---|
| 008 | |||
| 020 | _a9170370303 (pbk.) | ||
| 049 | _aMAIN | ||
| 090 |
_aRC109 _bKOB |
||
| 100 | 1 | _aKoblanck, Anna. | |
| 245 | 1 | 0 |
_aA few days more : _bthe story of a young woman living with HIV in Botswana / _cby Anna Koblanck. |
| 260 |
_aHarare : _bSAFAIDS andSIDA , _c2005. |
||
| 300 |
_axv, 243 p. _bill. ; _c18 cm. |
||
| 650 | 1 |
_aAIDs _xHIV. |
|
| 907 |
_a.b1025819x _b05-06-13 _c20-11-08 |
||
| 003 | |||
| 005 | 20230123124919.0 | ||
| 040 | _cNUST | ||
| 942 |
_cBOOKS _kRC109 _mKOB |
||
| 999 |
_c132469 _d132469 |
||